| 000 | 00719nam a22002298a 4500 | ||
|---|---|---|---|
| 001 | 015903624 | ||
| 003 | Uk | ||
| 005 | 20181204103543.0 | ||
| 008 | 110928s2012 enk 000 0 eng|d | ||
| 020 | _a0521165237 | ||
| 020 | _a0521165229 CD | ||
| 020 | _a9781107607132 DVD | ||
| 082 | 0 | 4 |
_a428.24 _223 _bTHA |
| 100 | 1 |
_aHewings, Martin _928426 |
|
| 245 | 1 | 0 |
_aCambridge Academic English : _ban Integrated Skills Course for EAP : Intermediate / _cby Craig Thaine. |
| 260 |
_aCambridge : _bCambridge University Press, _c2012. |
||
| 300 | _c18.2 x 13.6 x 0.6 cm | ||
| 650 | 0 |
_aEnglish language _xRhetoric. _930949 |
|
| 650 | 0 |
_aAcademic language. _930945 |
|
| 653 |
_bENG _cSeptember2012 |
||
| 942 |
_2ddc _cCDR _k428.24 THA |
||
| 999 |
_c17016 _d16988 |
||